Banderas con Blanco - ¡Muerte súbita! - Estadísticas

Estadísticas generales
  • Esta prueba ha sido intentada 129 veces
  • La puntuación promedio es 10 de 24
Answers on the Grid
Answers color-coded by a green-red scale on the quiz's grid according to % correct below.
Argelia
Bután
Botsuana
Comoras
Yibuti
Honduras
Islas Marshall
Kiribati
Libia
Maldivas
Myanmar
Nepal
Paraguay
Portugal
Rusia
Samoa
Eslovenia
Suráfrica
Surinam
Tailandia
Timor Oriental
Hungría
Yemen
Zimbabue
Albania
Armenia
Bangladesh
Chad
Colombia
Alemania
Guinea Bissau
Kazajstán
Liechtenstein
Malawi
Palau
República del Congo
San Vicente y las Granadinas
Senegal
Sri Lanka
Suecia
Tanzania
Ucrania
Vanuatu
Zambia
Gabón
China
Burkina Faso
Bélgica
 
Estadísticas de respuestas
Respuesta % Correcto
Rusia
75%
Eslovenia
69%
Paraguay
69%
Hungría
65%
Honduras
60%
Yemen
60%
Argelia
56%
Nepal
56%
Tailandia
50%
Botsuana
46%
Islas Marshall
42%
Kiribati
38%
Comoras
33%
Libia
33%
Portugal
33%
Suráfrica
33%
Yibuti
33%
Bután
29%
Samoa
27%
Surinam
27%
Myanmar
23%
Timor Oriental
23%
Maldivas
17%
Zimbabue
8%
No se encontraron pruebas coincidentes
Distribución de puntuación
Porcentaje de gente con cada puntuación
Porcentaje por número respondido
Historial de tus puntuaciones
No has intentado esta prueba.